Kit des émotions (Record no. 150)

MARC details
000 -LEADER
Leader 01200npm a2200169 4500
003 - IDENTIFIANT DE NUMÉRO DE CONTRÔLE
champ de contrôle OSt
005 - DATE ET HEURE DE LA DERNIÈRE TRANSACTION
champ de contrôle 20250405155511.0
008 - Éléments de longueur fixe - Renseignements généraux
Leader 250312b |||||||| |||| 00| 0 fre d
040 ## - SOURCE DE CATALOGAGE
Agence transcriptrice autismepaimpol.fr
245 ## - Titre
Titre Kit des émotions
246 ## - Pour qui ? Pour quoi ?
Pour quoi ? Pour qui ? Comprendre ses émotions et celles des autres
260 ## - Publication, diffusion, etc. (marque d'éditeur)
Nom de l'éditeur, du diffuseur, etc. Webber
942 ## - Type d'objet
Type d'objet Cartes Photo
500 ## - Description
Description Aider les enfants comme les adultes ayant des difficultés à comprendre leurs propres émotions (et celles des autres) à décrire leurs sentiments et mieux contrôler leurs interactions avec les autres.<br/>Les cartes sont toutes organisées en paires.
520 ## - Abrégé
Abrégé Les photos couleurs représentent des personnes de tout âge et ethnie sur fond bleu uni, ce qui permet de se focaliser exclusivement sur les expressions du visage.<br/>Elles sont le point de départ pour explorer les émotions.<br/><br/>Les illustrations en noir et blanc sont plus abstraites et permettent de généraliser les concepts spécifiques vus avec les photos.<br/><br/>Livré avec livret pédagogique et 4 miroirs pour découvrir, comparer et explorer ses propres expressions faciales.
562 ## - NOTE D'IDENTIFICATION DE L'EXEMPLAIRE ET DE LA VERSION
Format de présentation 264 cartes : 204 cartes de photo couleurs et 60 cartes d'illustrations en noir et blanc.
999 ## -
-- 150
-- 150
Holdings
Statut retiré des collections Statut perdu Source de classification / plan de classement Statut endommagé Exclu du prêt Site de rattachement Site actuel Date d'acquisition Total des prêts Code à barres Vu en dernier Prix effectif de Type de document Koha
    Classification décimale de Dewey     Autisme Paimpol - Matériel Autisme Paimpol - Matériel 12/03/2025   87 12/03/2025 12/03/2025 Cartes Photo

Powered by Koha